特殊傳說 . 決戰生死棋 . 0.5

資料類型: Book 圖書   書目號:52434

Leader xxxxxxxxxx
001 __ PCLIS00052434
005 __ 20210512095346.0
010 0_ |a978-986-6157-81-3|b平裝|dNT$240
100 __ |a20181119d2017    m  y0chiy09      e
101 0_ |achi
102 __ |atw
105 __ |aa   z   000ay
200 1_ |a特殊傳說|h0.5|i決戰生死棋|dThe unique legend|zeng|f護玄著|g紅麟插畫
205 __ |a初版
210 __ |a臺北市|c蓋亞文化出版|a新北市新店區|c聯合總經銷|d2017[民106]
215 0_ |a282, [1]面|c圖, 1張彩摺圖|d20公分
225 2_ |a悅讀館|vRE270
306 __ |a2017年15刷
410 _0 |12001 |a悅讀館|vRE270
510 1_ |aThe unique legend|zeng
517 1_ |a決戰生死棋|zchi
681 __ |a857.7|b862
700 _0 |a護玄|4702 _0 |a紅麟|4插畫
801 _0 |atw|b內湖高中|c20181119|gCCR
  
詳細館藏(共 1 筆)
索 書 號登 錄 號冊次號館別 / 館藏地流通類型狀態加入預約清單電子資源
857.7 / 862 1025609  圖書館 / 一樓輕小說專區 可外借30天 在館   

| 條列資料




目錄查詢 分類查詢 個人資料 圖書薦購 新書查詢 閉館日 排行榜 更多電子資源 Hami書城 線上資料庫 登出

From : 216.73.217.87

  本日流通累計至 10:56:13 借閱 : 12 次 續借 : 0 次 歸還 : 9 次 預約 : 0 次 電子資源 : 0 次


內湖高中圖書館  PCLIS 版本  26.5.0.12